Accounting: the basis for business decisions (Record no. 4722)

000 -LEADER
fixed length control field 00466 a2200157 4500
020 ## - INTERNATIONAL STANDARD BOOK NUMBER
International Standard Book Number 0071145052
020 ## - INTERNATIONAL STANDARD BOOK NUMBER
International Standard Book Number 0070433607
040 ## - CATALOGING SOURCE
Original cataloging agency DLC
Language of cataloging DLC
245 00 - TITLE STATEMENT
Title Accounting: the basis for business decisions
Remainder of title the basis for business decisions
Statement of responsibility, etc. Robert F. Meigs
250 ## - EDITION STATEMENT
Edition statement 10th ed.
260 0# - PUBLICATION, DISTRIBUTION, ETC.
Place of publication, distribution, etc. New York
Name of publisher, distributor, etc. : McGraw-Hill
Date of publication, distribution, etc. , c1996.
300 ## - PHYSICAL DESCRIPTION
Extent xxxiii, 1096 p.
Other physical details : col. ill.
Dimensions ; 29 cm.
650 #0 - SUBJECT ADDED ENTRY--TOPICAL TERM
Topical term or geographic name entry element Accounting.
700 11 - ADDED ENTRY--PERSONAL NAME
Personal name Meigs, Robert F.
942 ## - ADDED ENTRY ELEMENTS (KOHA)
Koha item type Book
Call number prefix 657 MEI
Source of classification or shelving scheme
Holdings
Withdrawn status Lost status Damaged status Not for loan Collection code Permanent Location Current Location Shelving location Date acquired Source of acquisition Cost, normal purchase price Total Checkouts Total Renewals Full call number Barcode Date last seen Date last checked out Price effective from Koha item type
          Central Library (CL) Central Library (CL) General Stacks 06/15/2009 Donation 0.00 9 6 657 MEI SEECS009549 02/23/2026 02/10/2026 01/05/2017 Book
© 2023 Central Library, National University of Sciences and Technology. All Rights Reserved.